Lenguaje y comunicación 8º básico: texto para el estudiante

Saved in:
書目詳細資料
Main Authors: Guajardo Cofré, Marcela (Author), Guajardo Cofré, Verónica (Author), Biedma Lagarrigue, Manuela (Author)
格式: 圖書
語言:西班牙语
出版: Santiago Mare Nostrum Comunicación 2004
主題:
標簽: 添加標簽
沒有標簽, 成為第一個標記此記錄!

MARC

LEADER 00000nam a2200000 a 4500
001 UCJ0214
003 CL-VaPUC
008 060707e20040000CL |||||||||||||||||spa|d
020 |a 8495509121 
082 0 4 |a 372.6  |b GUA  |2 21 
100 |a Guajardo Cofré, Marcela  |e author  |9 547847 
700 |a Guajardo Cofré, Verónica  |e author  |9 547848 
700 0 |a Biedma Lagarrigue, Manuela  |e author  |9 500303 
245 1 0 |a Lenguaje y comunicación 8º básico: texto para el estudiante 
300 |a 192 p 
942 |c BK 
945 |d 20060707 00:00:00  |a jtorresc 
260 |a Santiago  |b Mare Nostrum Comunicación  |c 2004 
650 0 |a Educación básica   |9 224933 
650 0 |a Educación lingüística  |9 306506 
650 0 |a Libros de texto  |9 270019 
650 0 |a Métodos de enseñanza  |9 270413 
583 |a last modification  |c 20170816 01:13:30  |k Rodrigo Vera 
999 |c 317140  |d 317138 
952 |0 0  |1 0  |4 0  |6 372_600000000000000_GUA_2004  |7 0  |8 P  |9 392984  |a BIBEDU  |b BIBEDU  |d 2019-11-22  |i 4249623  |o 372.6 GUA 2004  |p 4249623  |r 2019-11-22  |w 2019-11-22  |y BK  |k EBA 
952 |0 0  |1 0  |4 0  |6 372_600000000000000_GUA_2004  |7 0  |8 P  |9 392985  |a BIBEDU  |b BIBEDU  |c BIBEDU_PB  |d 2019-11-22  |i 4249631  |o 372.6 GUA 2004  |p 4249631  |r 2024-01-25  |w 2019-11-22  |y BK  |k EBA 
952 |0 0  |1 0  |4 0  |6 372_600000000000000_GUA_2004  |7 0  |8 P  |9 392986  |a BIBEDU  |b BIBEDU  |d 2019-11-22  |i 424964K  |o 372.6 GUA 2004  |p 424964K  |r 2019-11-22  |w 2019-11-22  |y BK  |k EBA 
952 |0 0  |1 0  |4 0  |6 372_600000000000000_GUA_2004  |7 0  |8 P  |9 392987  |a BIBEDU  |b BIBEDU  |d 2019-11-22  |i 4249658  |o 372.6 GUA 2004  |p 4249658  |r 2019-11-22  |w 2019-11-22  |y BK  |k EBA 
952 |0 0  |1 0  |4 0  |6 372_600000000000000_GUA_2004  |7 0  |8 P  |9 392988  |a BIBEDU  |b BIBEDU  |c BIBEDU_PB  |d 2019-11-22  |i 4249666  |o 372.6 GUA 2004  |p 4249666  |r 2024-01-25  |w 2019-11-22  |y BK  |k EBA